| 000 | 00930cam a2200289 4500 | ||
|---|---|---|---|
| 002 | 7837 | ||
| 008 | 040430n2004 000 0 eng u | ||
| 020 | _a1860816924 | ||
| 035 | _a(Sirsi) u126077 | ||
| 041 | _aeng | ||
| 050 |
_a690 _c18 |
||
| 100 | _aSaunders, G. K. | ||
| 245 | _aReducing the effects of climate change by roof design | ||
| 260 |
_aWatford _bBRE _c2004 |
||
| 300 |
_a6p. _c30cm. |
||
| 490 |
_aBRE Digest _v486 |
||
| 520 | _aThis digest summarises the views of experts in the roofing industry who have put forward views as to how roof design may mitigate the effects of climate change. | ||
| 650 | _aROOFING | ||
| 650 | _aCLIMATE CHANGE | ||
| 650 | _aGREEN ROOFS | ||
| 650 | _aURBAN AREAS | ||
| 650 | _aROOF STRUCTURES | ||
| 690 | _aBUILT ENVIRONMENT-BUILDING MATERIALS | ||
| 710 | _aBuilding Research Establishment | ||
| 710 |
_aUnited Kingdom _bDepartment of Trade and Industry |
||
| 942 | _n0 | ||
| 999 |
_c103560 _d103560 |
||